Prime Logistics (Record no. 119378)

MARC details
000 -LEADER
fixed length control field 00992cas a2200205 4500
001 - CONTROL NUMBER
control field L157503
008 - FIXED-LENGTH DATA ELEMENTS--GENERAL INFORMATION
fixed length control field 130104n2008 eng u
035 ## - SYSTEM CONTROL NUMBER
System control number (Sirsi) u157503
041 0# - LANGUAGE CODE
Language code of text/sound track or separate title eng
110 2# - MAIN ENTRY--CORPORATE NAME
Corporate name or jurisdiction name as entry element Gerald Eve
9 (RLIN) 151
245 00 - TITLE STATEMENT
Title Prime Logistics
Medium [electronic resource]
362 0# - DATES OF PUBLICATION AND/OR SEQUENTIAL DESIGNATION
Dates of publication and/or sequential designation 2008-
490 #0 - SERIES STATEMENT
Series statement Prime Logistics
520 ## - SUMMARY, ETC.
Summary, etc. Provides detailed analysis and statistics for 26 key distribution areas of 50 000 sq ft and above in the UK covering take-up, stock, development, supply and demand, rental growth forecasts and regional outlook. A full report is published every two years and is available to purchase. Summaries of full report and a quarterly updating bulletin are available to download free of charge.
651 #4 - SUBJECT ADDED ENTRY--GEOGRAPHIC NAME
Geographic name United Kingdom
Chronological subdivision
690 ## - LOCAL SUBJECT ADDED ENTRY--TOPICAL TERM (OCLC, RLIN)
Topical term or geographic name as entry element Commercial property
9 (RLIN) 6227
690 ## - LOCAL SUBJECT ADDED ENTRY--TOPICAL TERM (OCLC, RLIN)
Topical term or geographic name as entry element Infrastructure
9 (RLIN) 6246
856 40 - ELECTRONIC LOCATION AND ACCESS
Uniform Resource Identifier <a href="https://www.geraldeve.com/insight/prime-logistics.aspx">https://www.geraldeve.com/insight/prime-logistics.aspx</a>
Public note View the item free of charge from the www.geraldeve.com website.
942 ## - ADDED ENTRY ELEMENTS (KOHA)
Suppress in OPAC 0
Holdings
Withdrawn status Lost status Source of classification or shelving scheme Damaged status Not for loan Home library Current library Shelving location Date acquired Total Checkouts Full call number Barcode Date last seen Copy number Price effective from Koha item type
    Dewey Decimal Classification     Virtual Virtual Online 04/01/2013   ONLINE PUBLICATION 157503-2001 06/08/2019 1 06/08/2019 Book